000 00909nam a2200265 a 4500
001 BRCA_4168
005 20190320204553.0
008 210410s1823----gw-#######---#000-0#ger-#
041 _ager
044 _agw
050 4 _aNE90
_b.H45 1 1823
100 1 _aHeller, Joseph
_dm. 1849
_910769
245 1 0 _aPraktisches Handbuch für Kupferstichsammler oder Lexicon der Vorzüglichsten und Beliebtesten Kupferstecher, Formschneider und Lithographen ...
_cvon Joseph Heller.
260 _aBamberg, Alemania
_bC. F. Kunz
_c1823
300 _aviii, 231 p. (v.1)
_c18 cm.
500 _aDiccionario inventariado por Banco de México como libro
500 _aVer también CDE17 (v.2)
500 _aA45
505 0 _aContenido: v.1. A-I
650 1 4 _aEnciclopedias y diccionarios
_99441
650 1 4 _aGrabados
_vCatálogos
_910348
650 1 4 _aGrabadores
_vDiccionarios
_910770
902 _aGFM
942 _2lcc
_cB
999 _c3884
_d3884